[Event "4NCL Online Division 6"]
[Site "online"]
[Date "2020.11.17"]
[Round "7.143"]
[White "Goatcher, Matthew W"]
[Black "Xu, Weiming"]
[Result "1-0"]
[WhiteElo "1675"]
[BlackElo "1660"]
[PlyCount "117"]
[EventDate "2020.11.17"]
[WhiteTeam "Wells Globetrotters"]
[BlackTeam "Forest Hall Juniors"]

1. c4 e5 2. g3 Nc6 3. Bg2 Nf6 4. Nc3 Bc5 5. e3 d6 6. Nge2 Be6 7. d4 exd4 8.
exd4 Bb6 9. d5 O-O 10. O-O Bd7 11. dxc6 Bxc6 12. Bxc6 bxc6 13. Nd4 Qd7 14. Kg2
Rfe8 15. b3 d5 16. Na4 dxc4 17. Nxb6 cxb6 18. bxc4 Rad8 19. Bb2 c5 20. Nf3 Qg4
21. Qb3 Nd7 22. Rae1 Rxe1 23. Rxe1 Nf8 24. Qc3 Ne6 25. Kh1 h5 26. Ne5 Qf5 27.
f4 h4 28. Nc6 Rd7 29. Qe5 Qd3 30. Qe4 Qxe4+ 31. Rxe4 Rd1+ 32. Kg2 Rd2+ 33. Kh3
Rxb2 34. Nxa7 Rxa2 35. Nc8 hxg3 36. hxg3 Rb2 37. Ne7+ Kh8 38. Kg4 g6 39. Nxg6+
fxg6 40. Rxe6 Kg7 41. Kg5 Kf7 42. Rxg6 Rg2 43. g4 Rxg4+ 44. Kxg4 Kxg6 45. f5+
Kf6 46. Kf4 Ke7 47. Ke5 Kd7 48. f6 Kc6 49. f7 b5 50. cxb5+ Kxb5 51. f8=Q Kc4
52. Qf7+ Kc3 53. Kd5 c4 54. Qc7 Kb2 55. Qxc4 Ka1 56. Qb4 Ka2 57. Kd4 Ka1 58.
Kc3 Ka2 59. Qb2# 1-0

[Event "4NCL Online Division 6"]
[Site "online"]
[Date "2020.11.17"]
[Round "7.151"]
[White "Jones, Andrew"]
[Black "Jiménez Patiño, Manuel David"]
[Result "1-0"]
[WhiteElo "1480"]
[BlackElo "1750"]
[PlyCount "47"]
[EventDate "2020.11.17"]
[WhiteTeam "Shropshire 5"]
[BlackTeam "Cornish Pirates"]

1. e4 e6 2. Nf3 d5 3. exd5 exd5 4. d4 Nf6 5. c4 Be7 6. Be2 O-O 7. Nc3 dxc4 8.
O-O Bg4 9. Be3 Nbd7 10. Bxc4 Nb6 11. Be2 Nbd5 12. a3 c6 13. Qb3 Qc7 14. Rac1 a6
15. Bg5 h6 16. Bh4 Rfe8 17. Rfe1 Bd6 18. Bg3 Bxg3 19. fxg3 Re3 20. Nxd5 Nxd5
21. Qxd5 cxd5 22. Rxc7 Rae8 23. Kf2 Bxf3 24. gxf3 1-0

[Event "4NCL Online Division 6"]
[Site "online"]
[Date "2020.11.17"]
[Round "7.152"]
[White "Kostadinov, Boris K"]
[Black "Bonner, Dennis M"]
[Result "1-0"]
[WhiteElo "1660"]
[BlackElo "1480"]
[PlyCount "81"]
[EventDate "2020.11.17"]
[WhiteTeam "Cornish Pirates"]
[BlackTeam "Shropshire 5"]

1. d4 Nf6 2. c4 e6 3. Nc3 Bb4 4. Bg5 h6 5. Bxf6 Qxf6 6. e3 d5 7. Nf3 O-O 8. Qb3
Bxc3+ 9. bxc3 dxc4 10. Bxc4 b6 11. O-O Bb7 12. Ne5 Rd8 13. Rfe1 Nd7 14. Nd3 Qg6
15. Nf4 Qf6 16. Re2 Re8 17. Rd1 g5 18. Nh5 Qf5 19. Ng3 Qg6 20. Bd3 Qf6 21. Be4
Bxe4 22. Nxe4 Qg6 23. Nd2 Rad8 24. a4 a5 25. e4 Kg7 26. Nc4 h5 27. f3 h4 28.
Qb5 f6 29. Rdd2 Qh6 30. Qc6 g4 31. fxg4 Qf4 32. h3 Nc5 33. dxc5 Rxd2 34. Rxd2
Rf8 35. cxb6 cxb6 36. Qxe6 b5 37. Qd7+ Rf7 38. Qxb5 Rc7 39. Rd7+ Rxd7 40. Qxd7+
Kg6 41. Qf5+ 1-0

[Event "4NCL Online Division 6"]
[Site "online"]
[Date "2020.11.17"]
[Round "7.153"]
[White "Holyhead, James"]
[Black "Steele, Beatrice"]
[Result "1-0"]
[WhiteElo "1435"]
[BlackElo "1643"]
[PlyCount "43"]
[EventDate "2020.11.17"]
[WhiteTeam "Shropshire 5"]
[BlackTeam "Cornish Pirates"]

1. d4 d5 2. c4 c6 3. cxd5 cxd5 4. Nc3 Nf6 5. f3 Nc6 6. e4 e6 7. e5 Nd7 8. f4
Bb4 9. Nf3 Qa5 10. Bd2 Qb6 11. a3 Be7 12. Be3 Nf8 13. Bd3 Ng6 14. O-O Nh4 15.
Kh1 O-O 16. Nxh4 Bxh4 17. Qh5 g6 18. Qxh4 Qxb2 19. Qf6 Qxc3 20. f5 Nxd4 21. Bh6
Nxf5 22. Bxf5 1-0

[Event "4NCL Online Division 6"]
[Site "online"]
[Date "2020.11.17"]
[Round "7.154"]
[White "Jones, Bryan"]
[Black "Casewell, John M"]
[Result "1-0"]
[WhiteElo "1607"]
[BlackElo "1300"]
[PlyCount "89"]
[EventDate "2020.11.17"]
[WhiteTeam "Cornish Pirates"]
[BlackTeam "Shropshire 5"]

1. d4 d5 2. c4 e6 3. Nc3 Nf6 4. Bg5 Be7 5. e3 a6 6. Nf3 b6 7. cxd5 exd5 8. Rc1
Nbd7 9. Bd3 Bb7 10. O-O O-O 11. Qe2 c5 12. dxc5 Nxc5 13. Bb1 Nce4 14. Bxf6 Bxf6
15. Bxe4 dxe4 16. Rfd1 Qe7 17. Nd4 Qe5 18. Qg4 Rfe8 19. Nde2 Bc8 20. Qf4 Qxf4
21. Nxf4 Bxc3 22. Rxc3 Bb7 23. Rc7 Rab8 24. Rdd7 Rf8 25. Rxb7 Rbc8 26. Rbc7
Rce8 27. Rd6 g6 28. Rxb6 Rd8 29. g3 Ra8 30. Rbb7 Rae8 31. Nd5 Kg7 32. Nc3 Kh6
33. Rxf7 Rxf7 34. Rxf7 Re6 35. Ra7 g5 36. b4 Kg6 37. a3 h5 38. h3 g4 39. h4 Kf5
40. Na4 Rf6 41. Nc5 Rd6 42. Rxa6 Rd1+ 43. Kg2 Rd5 44. Nb3 Re5 45. Nd4# 1-0

[Event "4NCL Online Division 6"]
[Site "online"]
[Date "2020.11.17"]
[Round "7.161"]
[White "Kumar, Sanjit S"]
[Black "Gardner, Phillip K"]
[Result "0-1"]
[WhiteElo "1817"]
[BlackElo "1862"]
[PlyCount "38"]
[EventDate "2020.11.17"]
[WhiteTeam "KCJS"]
[BlackTeam "Deaf England"]

1. e4 c5 2. Nf3 d6 3. d4 cxd4 4. Nxd4 Nf6 5. Nc3 a6 6. Be2 e5 7. Nb3 Be7 8. O-O
O-O 9. Be3 Be6 10. f4 exf4 11. Bxf4 Nc6 12. Qd2 Ne5 13. Rad1 Qc7 14. a4 Bxb3
15. cxb3 Qb6+ 16. Qd4 Qxb3 17. Bxe5 dxe5 18. Qxe5 Rfe8 19. Nd5 Bc5+ 0-1

[Event "4NCL Online Division 6"]
[Site "online"]
[Date "2020.11.17"]
[Round "7.162"]
[White "MacLeod, Alasdair"]
[Black "Hill-Wood, T Wilfred D"]
[Result "1/2-1/2"]
[WhiteElo "1832"]
[BlackElo "1630"]
[PlyCount "55"]
[EventDate "2020.11.17"]
[WhiteTeam "Deaf England"]
[BlackTeam "KCJS"]

1. e4 e6 2. b3 d5 3. Bb2 Nf6 4. exd5 exd5 5. d4 Bd6 6. Nf3 O-O 7. Be2 c6 8. O-O
Qc7 9. h3 Bf5 10. Bd3 Bxd3 11. Qxd3 h6 12. Nbd2 Nbd7 13. Rfe1 Rfe8 14. Nh4 Bh2+
15. Kf1 Qf4 16. Nhf3 Ne4 17. Re2 Ndf6 18. Rae1 Re6 19. Bc1 Qc7 20. c4 Rae8 21.
Bb2 Bf4 22. Bc1 Qa5 23. a3 Bxd2 24. Nxd2 Qa6 25. a4 Nxd2+ 26. Bxd2 Rxe2 27.
Rxe2 Rxe2 28. Kxe2 1/2-1/2

[Event "4NCL Online Division 6"]
[Site "online"]
[Date "2020.11.17"]
[Round "7.163"]
[White "Soulier, Alfred"]
[Black "Dwek, Ilan G"]
[Result "1-0"]
[WhiteElo "1630"]
[BlackElo "1675"]
[PlyCount "103"]
[EventDate "2020.11.17"]
[WhiteTeam "KCJS"]
[BlackTeam "Deaf England"]

1. d4 Nf6 2. Nc3 e6 3. e4 Bb4 4. e5 Nd5 5. Qg4 Nxc3 6. Qxg7 Nxa2+ 7. c3 Nxc1 8.
Qxh8+ Bf8 9. Rxc1 Qg5 10. Ra1 Qg6 11. Rc1 Qg5 12. Ne2 b6 13. f4 Qf5 14. Qg8 Ba6
15. Qg5 Qe4 16. Qg3 Bh6 17. Qf3 Qxf3 18. gxf3 Bxe2 19. Bxe2 Bxf4 20. Ra1 Nc6
21. Rg1 Ke7 22. h3 h5 23. Rg7 h4 24. Ba6 Bg3+ 25. Ke2 Rh8 26. Bb5 a5 27. Kd3
Na7 28. Ba4 Nc8 29. Rf1 d6 30. f4 Kf8 31. Rg4 Ne7 32. c4 Nf5 33. d5 Rh5 34.
exd6 cxd6 35. dxe6 fxe6 36. Rg5 Rxg5 37. fxg5 Kg7 38. Bd7 Kf7 39. Ke4 Ke7 40.
Bxe6 Kxe6 41. Rxf5 Be5 42. b3 Bg3 43. Rf6+ Ke7 44. Kd5 Be5 45. Re6+ Kd7 46.
Rxe5 dxe5 47. Kxe5 Ke7 48. g6 Ke8 49. Ke6 Kf8 50. Kf6 Kg8 51. g7 Kh7 52. Kf7
1-0

[Event "4NCL Online Division 6"]
[Site "online"]
[Date "2020.11.17"]
[Round "7.164"]
[White "Masterson, Desmond"]
[Black "Patel, Sen"]
[Result "0-1"]
[WhiteElo "992"]
[BlackElo "1532"]
[PlyCount "52"]
[EventDate "2020.11.17"]
[WhiteTeam "Deaf England"]
[BlackTeam "KCJS"]

1. e4 c6 2. d4 d5 3. e5 Bf5 4. Bd3 Bg6 5. Bxg6 hxg6 6. Nf3 e6 7. O-O Nd7 8. Qe2
Qb6 9. c3 O-O-O 10. b4 Re8 11. a4 Qc7 12. a5 f6 13. Bf4 g5 14. Bg3 g4 15. Nh4
f5 16. Ng6 Rh6 17. Nxf8 Rxf8 18. Bf4 Rh5 19. g3 g5 20. Bd2 Ne7 21. Kg2 Rfh8 22.
Rh1 Ng6 23. f4 gxf4 24. gxf4 Nh4+ 25. Kg3 Nf3 26. Na3 Qd8 0-1

[Event "4NCL Online Division 6"]
[Site "online"]
[Date "2020.11.17"]
[Round "7.171"]
[White "Tait, Bill"]
[Black "Acharya, Kandara"]
[Result "1-0"]
[WhiteElo "1640"]
[BlackElo "1690"]
[PlyCount "125"]
[EventDate "2020.11.17"]
[WhiteTeam "Bradford DCA Knights C"]
[BlackTeam "Ashton 1"]

1. e4 c5 2. Nc3 g6 3. f4 Bg7 4. Nf3 Nc6 5. d3 e6 6. Be2 Nge7 7. O-O O-O 8. Kh1
d5 9. e5 b6 10. d4 Nf5 11. dxc5 bxc5 12. Bd3 Ncd4 13. Nxd4 Nxd4 14. Ne2 Nxe2
15. Bxe2 Rb8 16. c3 Bb7 17. Be3 Qc7 18. Qc2 Rbc8 19. Rad1 Rfd8 20. Qb1 a5 21.
Bf3 Qe7 22. Rd2 f6 23. exf6 Qxf6 24. Qd1 Ba6 25. Be2 Bxe2 26. Qxe2 e5 27. fxe5
Qxe5 28. Bg1 Qxe2 29. Rxe2 d4 30. cxd4 cxd4 31. Rd1 Rd7 32. Red2 Rcd8 33. Rd3
Rb7 34. b3 Rc7 35. g3 Rc2 36. a4 Rc7 37. Kg2 Bf6 38. Be3 Rc3 39. Rxc3 dxc3 40.
Rxd8+ Bxd8 41. Bc1 Kf7 42. Kf3 Ke6 43. Ke3 Bf6 44. Kd3 Kd5 45. Be3 Kc6 46. Bf2
h6 47. Be1 g5 48. Bxc3 Bxc3 49. Kxc3 Kc5 50. g4 Kd5 51. b4 axb4+ 52. Kxb4 Kc6
53. a5 Kb7 54. Kb5 Kc7 55. a6 Kb8 56. Kc6 Ka7 57. Kd6 Kxa6 58. Ke6 Kb6 59. Kf6
Kc6 60. Kg6 Kd5 61. Kxh6 Ke4 62. Kxg5 Kf3 63. h4 1-0

[Event "4NCL Online Division 6"]
[Site "online"]
[Date "2020.11.17"]
[Round "7.172"]
[White "McBeath, Joel"]
[Black "Gallagher, Dominic"]
[Result "1/2-1/2"]
[WhiteElo "1600"]
[BlackElo "1630"]
[PlyCount "50"]
[EventDate "2020.11.17"]
[WhiteTeam "Ashton 1"]
[BlackTeam "Bradford DCA Knights C"]

1. e4 e5 2. Nf3 Nc6 3. Bc4 Bc5 4. b4 Bxb4 5. c3 Ba5 6. d4 d6 7. Qb3 Qe7 8. d5
Nd4 9. Nxd4 exd4 10. Qb5+ Bd7 11. Qxa5 Qxe4+ 12. Kf1 d3 13. Be3 Qxc4 14. Nd2
Qa6 15. Qxa6 bxa6 16. Bd4 f6 17. c4 Kf7 18. Rb1 Ne7 19. Rb7 Rhc8 20. f3 Rab8
21. Rxa7 Nf5 22. Bc3 Ra8 23. Rb7 Rab8 24. Ra7 Ra8 25. Rb7 Rab8 1/2-1/2

[Event "4NCL Online Division 6"]
[Site "online"]
[Date "2020.11.17"]
[Round "7.173"]
[White "Redmond, Nigel"]
[Black "Supatan, Denzel"]
[Result "1-0"]
[WhiteElo "1565"]
[BlackElo "1675"]
[PlyCount "151"]
[EventDate "2020.11.17"]
[WhiteTeam "Bradford DCA Knights C"]
[BlackTeam "Ashton 1"]

1. e4 e6 2. d3 d5 3. Nd2 c5 4. Ngf3 Nc6 5. g3 Bd6 6. Bg2 d4 7. O-O e5 8. Re1
Nf6 9. Nf1 Bg4 10. h3 Bd7 11. N1h2 Qc7 12. Nh4 Kd8 13. Qf3 Ke7 14. Nf5+ Bxf5
15. Qxf5 Qd7 16. Qg5 Rag8 17. Qd2 h5 18. Nf3 Kd8 19. Nh4 Ne7 20. Qa5+ b6 21.
Qa6 Bb8 22. Bg5 Qc8 23. Qc4 Qe6 24. Qa4 Qd7 25. Qa3 Bd6 26. Qb3 Nc6 27. a4 Kc8
28. c3 Nh7 29. Bd2 Na5 30. Qd5 Be7 31. Qa8+ Kc7 32. Qxa7+ Kc6 33. Qxd7+ Kxd7
34. Nf5 Nf8 35. cxd4 exd4 36. Nxe7 Kxe7 37. Bf4 Ne6 38. Bd2 Nb3 39. Rad1 g5 40.
e5 h4 41. Re4 hxg3 42. fxg3 Kd7 43. Rg4 Nxd2 44. Rxd2 Ra8 45. Bxa8 Rxa8 46. b3
Rh8 47. h4 gxh4 48. gxh4 Rh5 49. Rf2 Ke7 50. Re4 Nc7 51. Kh2 Nd5 52. Kh3 Nc7
53. Kg4 Rh7 54. b4 Rg7+ 55. Kh3 Rh7 56. bxc5 bxc5 57. a5 Ne6 58. Rg2 Rh8 59.
Kg4 Rg8+ 60. Kf3 Ra8 61. Ra2 Ng7 62. Rf4 Nh5 63. Rg4 Ra6 64. Rg5 Rh6 65. a6 f6
66. exf6+ Rxf6+ 67. Kg4 Nf4 68. a7 Rf8 69. a8=Q Rxa8 70. Rxa8 Nxd3 71. Ra6 Nb4
72. Rg7+ Kf8 73. Rag6 Nd3 74. Rg8+ Kf7 75. Kf5 c4 76. R6g7# 1-0

[Event "4NCL Online Division 6"]
[Site "online"]
[Date "2020.11.17"]
[Round "7.174"]
[White "Fedotov, Peter"]
[Black "Waite, Nicholas"]
[Result "1-0"]
[WhiteElo "1577"]
[BlackElo "1420"]
[PlyCount "55"]
[EventDate "2020.11.17"]
[WhiteTeam "Ashton 1"]
[BlackTeam "Bradford DCA Knights C"]

1. e4 d6 2. d4 Nd7 3. Nf3 e5 4. dxe5 dxe5 5. Nc3 c6 6. Bc4 Be7 7. O-O Ngf6 8.
Be3 O-O 9. a4 b6 10. Qd2 a6 11. Rfe1 Qc7 12. Qe2 Bb7 13. Rad1 Bb4 14. Bd2 Bxc3
15. Bxc3 b5 16. axb5 axb5 17. Bxb5 cxb5 18. Qxb5 Bc6 19. Bxe5 Nxe5 20. Qxe5 Qb7
21. Nd2 Rfe8 22. Qc3 Nxe4 23. Nxe4 Bxe4 24. f3 Rac8 25. Qb3 Bxc2 26. Qxb7 Bxd1
27. Rxd1 Rb8 28. Qd5 1-0

[Event "4NCL Online Division 6"]
[Site "online"]
[Date "2020.11.17"]
[Round "7.181"]
[White "Pollard, Michael"]
[Black "Layhe, Neville"]
[Result "1/2-1/2"]
[WhiteElo "1690"]
[BlackElo "1682"]
[PlyCount "115"]
[EventDate "2020.11.17"]
[WhiteTeam "St Andrews White Cross"]
[BlackTeam "Crewe BOL"]

1. e4 d6 2. Nf3 g6 3. d4 Bg7 4. c3 Nf6 5. Bd3 Bg4 6. h3 Bxf3 7. Qxf3 c6 8. Nd2
Nbd7 9. Nc4 b5 10. Ne3 Qc7 11. Ng4 O-O 12. Nh6+ Kh8 13. Bd2 e5 14. Rc1 c5 15.
Bxb5 Qb7 16. Bxd7 Qxd7 17. d5 Nh5 18. Nf5 gxf5 19. Qxh5 fxe4 20. Bh6 Bxh6 21.
Qxh6 f5 22. g4 Rg8 23. g5 Rg6 24. Qh5 Rag8 25. h4 Qb7 26. Qd1 f4 27. Qd2 Qd7
28. Qe2 Qf5 29. Kd2 Rb8 30. b3 Rf8 31. Rcg1 e3+ 32. fxe3 fxe3+ 33. Qxe3 Qf2+
34. Qxf2 Rxf2+ 35. Ke3 Rxa2 36. h5 Rg7 37. Ke4 Rf2 38. g6 Rf4+ 39. Ke3 Rf6 40.
Ra1 hxg6 41. hxg6+ Kg8 42. Rh6 Rfxg6 43. Rxg6 Rxg6 44. Rxa7 Rf6 45. b4 cxb4 46.
cxb4 Rf7 47. Ra6 Rb7 48. Rxd6 Rxb4 49. Re6 Kf7 50. Rxe5 Rb8 51. Kd4 Rd8 52. Re1
Re8 53. Ra1 Ke7 54. Ra7+ Kd6 55. Ra6+ Kd7 56. Rh6 Kc7 57. d6+ Kc6 58. Rg6
1/2-1/2

[Event "4NCL Online Division 6"]
[Site "online"]
[Date "2020.11.17"]
[Round "7.182"]
[White "Michalek, Lukasz"]
[Black "Clayton, N Charles"]
[Result "0-1"]
[WhiteElo "1562"]
[BlackElo "1480"]
[PlyCount "66"]
[EventDate "2020.11.17"]
[WhiteTeam "Crewe BOL"]
[BlackTeam "St Andrews White Cross"]

1. e4 c6 2. d4 d5 3. e5 Bf5 4. Nf3 e6 5. c4 Bb4+ 6. Bd2 Bxd2+ 7. Nbxd2 Ne7 8.
Be2 O-O 9. O-O Nd7 10. Qb3 b6 11. cxd5 cxd5 12. Bb5 Rc8 13. Qa4 Rc7 14. Rac1
Nb8 15. Rc3 Rxc3 16. bxc3 Qc7 17. Rc1 Rc8 18. c4 Bd3 19. c5 Bxb5 20. Qxb5 a6
21. Qb4 bxc5 22. Rxc5 Nbc6 23. Qc3 Rb8 24. Nb3 Rb5 25. a4 Rb7 26. Na5 Rb6 27.
h3 Qd7 28. Nxc6 Nxc6 29. a5 Rb1+ 30. Kh2 Ne7 31. Rc7 Qe8 32. Qc5 Kf8 33. Rc8
Qxc8 0-1

[Event "4NCL Online Division 6"]
[Site "online"]
[Date "2020.11.17"]
[Round "7.183"]
[White "Donoghue, Steve"]
[Black "Nienaber, Kobus"]
[Result "0-1"]
[WhiteElo "1285"]
[BlackElo "1435"]
[PlyCount "74"]
[EventDate "2020.11.17"]
[WhiteTeam "St Andrews White Cross"]
[BlackTeam "Crewe BOL"]

1. e4 e5 2. Nf3 Nc6 3. Bb5 d6 4. d4 Bd7 5. dxe5 Nxe5 6. Bxd7+ Nxd7 7. O-O h6 8.
Nc3 Ngf6 9. Re1 Be7 10. Nd5 Nxd5 11. exd5 O-O 12. Bf4 Bf6 13. c3 Nb6 14. Rb1
Re8 15. Qc2 Nxd5 16. Bg3 Rxe1+ 17. Rxe1 Qd7 18. Qe4 Qc6 19. Nd4 Bxd4 20. Qxd4
Re8 21. Rxe8+ Qxe8 22. Qd2 Qe4 23. Qc1 Qe2 24. h3 b5 25. a3 a5 26. Kh2 a4 27.
Kg1 Nb6 28. Bf4 Nc4 29. Qb1 Nxb2 30. Bc1 Qe1+ 31. Kh2 Qe5+ 32. Kg1 Nc4 33. Qc2
Qe1+ 34. Kh2 c5 35. Qb1 Nd2 36. Qc2 Nf1+ 37. Kh1 Ne3+ 0-1

[Event "4NCL Online Division 6"]
[Site "online"]
[Date "2020.11.17"]
[Round "7.184"]
[White "Crosby, Andrew"]
[Black "Ezra, Raymond"]
[Result "1-0"]
[WhiteElo "1442"]
[BlackElo "1262"]
[PlyCount "91"]
[EventDate "2020.11.17"]
[WhiteTeam "Crewe BOL"]
[BlackTeam "St Andrews White Cross"]

1. e4 e6 2. Nf3 Nc6 3. d4 d5 4. e5 Nge7 5. c3 b6 6. Bd3 Bb7 7. O-O h6 8. Nbd2
Qd7 9. Nh4 g5 10. Nhf3 Ng6 11. h3 Nf4 12. Bc2 Be7 13. Nh2 Ba6 14. Re1 Nd3 15.
Bxd3 Bxd3 16. Ndf3 Be4 17. Ng4 O-O-O 18. Nf6 Bxf6 19. exf6 Rdg8 20. Ne5 Nxe5
21. dxe5 h5 22. f3 Bf5 23. Kh2 g4 24. h4 gxf3 25. gxf3 Rg6 26. Bg5 Rhg8 27. Rg1
Rd8 28. Qe2 Kb7 29. Rad1 c6 30. a4 a5 31. b4 Bc2 32. Ra1 Bf5 33. bxa5 bxa5 34.
Ra3 Ra8 35. Rb3+ Kc7 36. Qe3 Rgg8 37. Qb6+ Kc8 38. Rg2 Qc7 39. Rgb2 Kd7 40.
Qxc7+ Kxc7 41. Rb7+ Kd8 42. Rxf7 Ke8 43. Rbb7 Rf8 44. Rfe7+ Kd8 45. f7 Rc8 46.
Red7# 1-0

[Event "4NCL Online Division 6"]
[Site "online"]
[Date "2020.11.17"]
[Round "7.191"]
[White "Munshi, Aryan"]
[Black "Rodrigo, Y Jan"]
[Result "0-1"]
[WhiteElo "1148"]
[BlackElo "1795"]
[PlyCount "190"]
[EventDate "2020.11.17"]
[WhiteTeam "Phones Pals Rooks"]
[BlackTeam "Camborne Pendarves"]

1. d4 e6 2. c4 f5 3. g3 Nf6 4. Bg2 Be7 5. Nc3 O-O 6. b3 a5 7. Bb2 d6 8. e3 c6
9. Nge2 e5 10. O-O Qe8 11. d5 Qh5 12. Nc1 Qh6 13. Nd3 f4 14. exf4 Bh3 15. Qf3
Nbd7 16. Bxh3 Qxh3 17. Qg2 Qf5 18. Rad1 e4 19. dxc6 bxc6 20. Rfe1 d5 21. cxd5
cxd5 22. Nc1 Nb6 23. N1e2 a4 24. Nd4 Qh5 25. Nc6 Bc5 26. b4 Nc4 27. Ba1 Bb6 28.
Ne5 Rad8 29. Nxc4 dxc4 30. Rxd8 Rxd8 31. Nxa4 Rd1 32. Bc3 Rxe1+ 33. Bxe1 Qd1
34. Qf1 Qxa4 35. Qxc4+ Kf8 36. Qc8+ Qe8 37. Qa6 Qc6 38. b5 Qc5 39. Bb4 Qxb4 40.
Qxb6 Qb1+ 41. Kg2 Qxa2 42. Qd8+ Kf7 43. Qc7+ Kg6 44. f5+ Kxf5 45. Qf4+ Ke6 46.
b6 Qd5 47. Qc1 Nd7 48. Qe3 Kd6 49. Qf4+ Qe5 50. Qd2+ Kc6 51. b7 Nc5 52. Qb4
Nxb7 53. Qa4+ Kc7 54. Qc4+ Nc5 55. Qf7+ Kd6 56. Qf8+ Ke6 57. Qg8+ Kf6 58. Qxh7
Ne6 59. Qh4+ g5 60. Qh6+ Ke7 61. Qh7+ Kd6 62. Qb7 Qf5 63. Qb6+ Ke5 64. Qb2+ Nd4
65. Qb8+ Ke6 66. Qb6+ Kd5 67. Qb7+ Kd6 68. Qb6+ Nc6 69. Qb3 g4 70. Qa3+ Kd7 71.
Qc1 Qf3+ 72. Kg1 Nd4 73. Qd2 Qd3 74. Qh6 Qd1+ 75. Kg2 Qf3+ 76. Kg1 Nf5 77. Qh7+
Kc6 78. Qg6+ Kc5 79. Qe8 e3 80. Qe5+ Kc4 81. Qe6+ Kc3 82. Qe5+ Kd3 83. Qb5+ Ke4
84. Qc6+ Ke5 85. Qxf3 gxf3 86. fxe3 Ke4 87. Kf2 Nxe3 88. h3 Nd1+ 89. Kf1 Ke3
90. g4 Kf4 91. Ke1 Kg3 92. Kf1 Ne3+ 93. Ke1 f2+ 94. Ke2 f1=Q+ 95. Kxe3 Qxh3 0-1

[Event "4NCL Online Division 6"]
[Site "online"]
[Date "2020.11.17"]
[Round "7.192"]
[White "Oates, Thomas"]
[Black "New, David"]
[Result "1/2-1/2"]
[WhiteElo "1682"]
[BlackElo "1193"]
[PlyCount "96"]
[EventDate "2020.11.17"]
[WhiteTeam "Camborne Pendarves"]
[BlackTeam "Phones Pals Rooks"]

1. d4 Nf6 2. c4 e5 3. dxe5 Ng4 4. Bf4 g5 5. Bg3 Bg7 6. Nf3 Nc6 7. e6 fxe6 8.
Qd2 h6 9. e3 b6 10. h3 Nge5 11. Nd4 Nxd4 12. exd4 Nf7 13. Nc3 Bb7 14. O-O-O d6
15. d5 Bxc3 16. Qxc3 e5 17. Bd3 Qf6 18. Qc2 O-O-O 19. Bf5+ Kb8 20. Rhe1 h5 21.
f3 Nh6 22. Bd3 g4 23. fxg4 hxg4 24. hxg4 Nxg4 25. Rf1 Qg5+ 26. Qd2 Qxd2+ 27.
Kxd2 Rdf8 28. Rxf8+ Rxf8 29. Rf1 Rxf1 30. Bxf1 Nf6 31. Ke3 c6 32. dxc6 Bxc6 33.
b4 a6 34. c5 Ng4+ 35. Kd2 dxc5 36. bxc5 bxc5 37. Be2 Bd7 38. Bxa6 Ka7 39. Bc4
Kb6 40. Kd3 Bb5 41. Bxb5 Kxb5 42. Ke4 Kb4 43. Bxe5 Ka3 44. Bd6 Kb4 45. Kf4 Nf6
46. g4 Nxg4 47. Kxg4 Ka3 48. Bxc5+ Kxa2 1/2-1/2

[Event "4NCL Online Division 6"]
[Site "online"]
[Date "2020.11.17"]
[Round "7.193"]
[White "Vadalia, Jainill"]
[Black "Pope, Martin"]
[Result "1/2-1/2"]
[WhiteElo "1140"]
[BlackElo "1660"]
[PlyCount "54"]
[EventDate "2020.11.17"]
[WhiteTeam "Phones Pals Rooks"]
[BlackTeam "Camborne Pendarves"]

1. d4 Nf6 2. c4 e5 3. d5 Bc5 4. Nc3 d6 5. e4 a5 6. Be2 h6 7. Nf3 O-O 8. O-O Nh7
9. Be3 Bxe3 10. fxe3 f5 11. exf5 Bxf5 12. Bd3 Bxd3 13. Qxd3 Nd7 14. Nd2 Nc5 15.
Qc2 Nf6 16. Nde4 Nfxe4 17. Nxe4 Nxe4 18. Qxe4 Qg5 19. Rxf8+ Rxf8 20. Rf1 Rxf1+
21. Kxf1 Qf6+ 22. Qf3 Qg6 23. e4 Qg5 24. Qe2 Qf4+ 25. Kg1 a4 26. a3 Qc1+ 27.
Kf2 Qf4+ 1/2-1/2

[Event "4NCL Online Division 6"]
[Site "online"]
[Date "2020.11.17"]
[Round "7.201"]
[White "Sugden, Freddie"]
[Black "Sweeney, Ronan"]
[Result "1/2-1/2"]
[WhiteElo "1667"]
[BlackElo "1728"]
[PlyCount "70"]
[EventDate "2020.11.17"]
[WhiteTeam "Hackney Hungry"]
[BlackTeam "St Benildus D"]

1. e4 c5 2. d4 cxd4 3. c3 Nf6 4. e5 Nd5 5. Nf3 d6 6. cxd4 e6 7. Bc4 Nb6 8. Bb3
Nc6 9. Qe2 g6 10. O-O Bg7 11. Bg5 Qc7 12. Nc3 a6 13. exd6 Qxd6 14. Ne4 Qc7 15.
Nf6+ Bxf6 16. Bxf6 O-O 17. Qe3 Nd7 18. Bh4 Kg7 19. Rac1 Qd6 20. Rfd1 Ne7 21.
Bg3 Qb6 22. Bc7 Qb5 23. Ng5 Nd5 24. Bxd5 Qxd5 25. h4 b5 26. Qg3 Bb7 27. Bd6
Rfc8 28. Re1 Rxc1 29. Rxc1 Rc8 30. Rxc8 Bxc8 31. Be5+ Nxe5 32. Qxe5+ Qxe5 33.
dxe5 Bb7 34. f4 h6 35. Nh3 Bd5 1/2-1/2

[Event "4NCL Online Division 6"]
[Site "online"]
[Date "2020.11.17"]
[Round "7.202"]
[White "Brady, Fearghal"]
[Black "Morgan, Marc"]
[Result "1-0"]
[WhiteElo "1463"]
[BlackElo "1660"]
[PlyCount "91"]
[EventDate "2020.11.17"]
[WhiteTeam "St Benildus D"]
[BlackTeam "Hackney Hungry"]

1. Nf3 f5 2. d3 g6 3. g3 Bg7 4. Bg2 Nf6 5. O-O O-O 6. c3 d6 7. Nbd2 Qe8 8. e4
Nc6 9. Qb3+ Kh8 10. Re1 Qf7 11. Qxf7 Rxf7 12. e5 dxe5 13. Nxe5 Nxe5 14. Rxe5
Ne4 15. Rxe4 fxe4 16. Nxe4 Bf5 17. Be3 h6 18. Nc5 c6 19. Nxb7 Rc8 20. Nc5 Kh7
21. d4 e5 22. Rd1 Re7 23. Rd2 exd4 24. cxd4 Rf7 25. h3 g5 26. Ne4 Rd7 27. Nc5
Rdd8 28. g4 Bg6 29. Ne6 Rd7 30. Nxg7 Rxg7 31. d5 cxd5 32. Rxd5 Bf7 33. Ra5 Bg6
34. Bxa7 Rc2 35. Bd4 Rd7 36. Ra4 Rd2 37. Bc3 Rd1+ 38. Kh2 Bc2 39. Ra8 Kg6 40.
Bc6 Rh7 41. Be8+ Rf7 42. Ra6+ Kh7 43. Bxf7 Be4 44. Bg6+ Bxg6 45. Ra7+ Kg8 46.
Rg7+ 1-0

[Event "4NCL Online Division 6"]
[Site "online"]
[Date "2020.11.17"]
[Round "7.203"]
[White "Burgoyne, Peter A"]
[Black "Kashanin, Daniil"]
[Result "1-0"]
[WhiteElo "1652"]
[BlackElo "1359"]
[PlyCount "99"]
[EventDate "2020.11.17"]
[WhiteTeam "Hackney Hungry"]
[BlackTeam "St Benildus D"]

1. e4 c5 2. c3 d6 3. d4 cxd4 4. cxd4 Nf6 5. Nc3 g6 6. Nf3 Bg7 7. Be2 O-O 8. O-O
Nc6 9. d5 Nb4 10. a3 Na6 11. Be3 Bd7 12. Rc1 Nc7 13. h3 b6 14. Qd2 Rc8 15. Bh6
Nh5 16. Nd4 f5 17. Bxh5 gxh5 18. Qg5 Rf7 19. exf5 Qf8 20. Ne6 Bxe6 21. fxe6 Rf5
22. Qxg7+ Qxg7 23. Bxg7 Kxg7 24. Nb5 Rxd5 25. Nxc7 Rc5 26. Rxc5 bxc5 27. Nd5
Rb8 28. Rb1 Rb7 29. f4 Kg6 30. Kf2 h4 31. b4 cxb4 32. Rxb4 Rxb4 33. Nxe7+ Kf6
34. Nd5+ Kxe6 35. Nxb4 Kf5 36. Kf3 h5 37. a4 a5 38. Nc6 d5 39. Nxa5 d4 40. Nb3
d3 41. a5 Ke6 42. Ke3 Kd7 43. Kxd3 Ke6 44. Ke4 Kf6 45. a6 Ke6 46. a7 Kf6 47.
a8=Q Kg6 48. f5+ Kg5 49. Qg8+ Kh6 50. Qg6# 1-0

[Event "4NCL Online Division 6"]
[Site "online"]
[Date "2020.11.17"]
[Round "7.204"]
[White "Kashanin, Dimitry"]
[Black "Evans, Kingsley"]
[Result "0-1"]
[WhiteElo "948"]
[BlackElo "1525"]
[PlyCount "80"]
[EventDate "2020.11.17"]
[WhiteTeam "St Benildus D"]
[BlackTeam "Hackney Hungry"]

1. e4 d5 2. exd5 Nf6 3. Nc3 Nxd5 4. Nxd5 Qxd5 5. d4 Nc6 6. c3 e5 7. Qe2 e4 8.
f3 Bf5 9. g4 Bg6 10. Nh3 O-O-O 11. Nf4 exf3 12. Nxd5 fxe2 13. Bxe2 Rxd5 14. Bf3
Rd7 15. h4 Bd6 16. Kf2 Re8 17. b4 Bd3 18. a4 Rde7 19. b5 Na5 20. Ba3 Bxa3 21.
Rxa3 Be4 22. Re1 Bxf3 23. Rxe7 Rxe7 24. Kxf3 Nc4 25. Ra2 Re3+ 26. Kf4 Rxc3 27.
Re2 Kd7 28. Ke4 Ra3 29. Rf2 Nd6+ 30. Kd5 Rxa4 31. Rf4 Rb4 32. Rxf7+ Nxf7 33.
Kc5 Rb1 34. d5 a5 35. bxa6 bxa6 36. h5 Rc1+ 37. Kb4 Kd6 38. Ka5 Rb1 39. Kxa6
Kxd5 40. Ka5 c5 0-1

[Event "4NCL Online Division 6"]
[Site "online"]
[Date "2020.11.17"]
[Round "7.211"]
[White "Shen, Alex"]
[Black "Hillman, Graham"]
[Result "1-0"]
[WhiteElo "1630"]
[BlackElo "1690"]
[PlyCount "37"]
[EventDate "2020.11.17"]
[WhiteTeam "MCS Oxford B"]
[BlackTeam "Wessex Some Stars E"]

1. e4 d5 2. exd5 Nf6 3. d4 Nxd5 4. c4 Nb6 5. Nc3 Nc6 6. d5 Ne5 7. Nf3 Bg4 8.
Be2 Bxf3 9. Bxf3 Nxf3+ 10. Qxf3 Nxc4 11. O-O Nd6 12. Re1 Qd7 13. Bf4 O-O-O 14.
Rec1 h6 15. Bg3 g5 16. a4 Bg7 17. Nb5 Nxb5 18. axb5 Qxd5 19. Rxc7+ 1-0